000 00617nam a2200205 i 4500
001 13836
003 ES-MaACL
005 20230906150655.0
007 t|
008 980710s1984 fr ||||1| fre d
020 _a92-64-22607-9
080 _a62:378.4
080 _a378.4:62
245 0 0 _aIndustrie et université
_b: nouvelles formes de coopération et de communication.
260 _aParis :
_bOCDE,
_c1984.
300 _a80 p. ;
_c23 cm.
650 1 4 _aIndustria y Universidades.
_913738
710 2 _aOrganización de Cooperación y Desarrollo Económico.
_9167502
852 _aES-MaACL
_jL-21303
_bR.112184
999 _c13836
_d13836